Universae Phraseologiae Latinae Corpus : Universae Phraseologiae Latinae Corpus, Congestum A P. Francisco Wagner Societatis Jesu Sacerdote, Secundis Curis A Quopiam Ejusdem Societatis [S]allustiana, Caesareana, Liv[iana] Corneliana, &c Phraseologiis, [de]mum apud nos linguis Hungarica, & Slavica, locupletatum. Editio Tyrnaviensis Altera. [Cu]m Speciali Privilegio Sacrae Caes. Reg. Majest. (et) Perm[is]su Superiorum.
| Main Author: | |
|---|---|
| Corporate Author: | |
| Other Authors: | |
| Format: | Book |
| Language: | Latin Hungarian German Slovak |
| Published: |
Trnava] :
[T]ypis Tyrnaviensibus,
Anno M.DCC.LXXV [=1775]
|
| Edition: | Editio Tyrnaviensis Altera |
| Subjects: | |
| Call Number: | A 10a PA |
| LEADER | 02272nam a2200469 a 4500 | ||
|---|---|---|---|
| 001 | 000000026 | ||
| 005 | 20260225140645.0 | ||
| 008 | 000307s1775 xo e lat | ||
| FMT | |||
| 040 | |a SVKKK |b slo |c SVKKK |e AACR2 | ||
| 041 | 0 | |a lat |a hun |a ger |a slo | |
| 044 | |a xo |c SK | ||
| 080 | |a 801.32.71 | ||
| 080 | |a 854 | ||
| 080 | |a 945.11.3 | ||
| 100 | 1 | |a Wagner, František, |d 1675-1748 |4 aut | |
| 245 | 1 | 0 | |a Universae Phraseologiae Latinae Corpus : |b Universae Phraseologiae Latinae Corpus, Congestum A P. Francisco Wagner Societatis Jesu Sacerdote, Secundis Curis A Quopiam Ejusdem Societatis [S]allustiana, Caesareana, Liv[iana] Corneliana, &c Phraseologiis, [de]mum apud nos linguis Hungarica, & Slavica, locupletatum. Editio Tyrnaviensis Altera. [Cu]m Speciali Privilegio Sacrae Caes. Reg. Majest. (et) Perm[is]su Superiorum. |
| 250 | |a Editio Tyrnaviensis Altera | ||
| 260 | |a Trnava] : |b [T]ypis Tyrnaviensibus, |c Anno M.DCC.LXXV [=1775] | ||
| 300 | |a [8],1272,[48] s. */4,A/8-Z/8,Aa/8-Zz/8,Aaa/8-Zzz/8,Aaaa/8-Nnnn/8,Oooo/4 [=664] list. |c 8°. 21x13 cm | ||
| 500 | |a Vineta ornam., vineta ornam.-fig., vlys ornam., linky, inic. s ornam. pozadím v rámčeku na 9 r., inic. s ornam.-fig. pozad. v rámčeku na 6 r., verz. vo voľ. priestore na 1, 2, 3, 4 r., titl. list s červeno-čiernou tlačou, tlač dvojstĺpcová, kustódy. | ||
| 504 | |a Na zl. Llll/5-Oooo/4 Index Diffusior Vocum Barbararum, Aut Minus Elegantium. | ||
| 508 | |a Na zl. */2-*/4 nesignov. úvod. | ||
| 510 | 4 | |a Petrik III/819; Hanakovič III/1434; Rizner VI/94; Pumprla 322/566; Dokoupil 169/634 | |
| 550 | |a Miesto vydania podľa tlačiarne. | ||
| 561 | |a Peč.: Štátna vedecká knižnica v Košiciach. Rkp.: Francicsi 1830 Kölber. | ||
| 563 | |a Lepenka, zelenohnedý papier. | ||
| 653 | 1 | |a jazyk latinský | |
| 653 | 1 | |a jazyk maďarský | |
| 653 | 1 | |a jazyk nemecký | |
| 653 | 1 | |a jazyk slovenský | |
| 653 | 2 | |a slovníky frazeologické | |
| 700 | 1 | |a Kölber, Franciscus |4 sgn | |
| 710 | 0 | |a Trnavská tlačiareň |c Trnava |d 1773-1777 |4 prt | |
| 752 | |a Slovensko |d Trnava | ||
| 852 | |p A 10a PA | ||
| 904 | |a acf effkc yyyb 1001 | ||
| 905 | |a fg a0ec | ||
| 910 | |a svkkk | ||
| 997 | |c Typis Tyrnaviensibus pozri Trnavská tlačiareň |4 prt | ||
| 998 | |a TRNTL | ||
| BAS | |||